"MAN" Vocabulary Quiz 2 - Statistics

General Stats
  • This quiz has been taken 55 times
  • The average score is 12 of 20
Answer Stats
Hint Answer % Correct
Unlawful killing of a person without malicious premeditation Manslaughter
89%
Philippines capital Manila
87%
"…, a giant leap for…" Mankind
87%
The making or producing of anything Manufacture
87%
Something constructed by a human Manmade
83%
"Preying" insect Mantis
83%
Strength in terms of number of people available for work or service Manpower
80%
Original text of an author's work Manuscript
80%
Miraculous biblical food in the wilderness Manna
74%
Area usually above the opening of a fireplace Mantel
70%
Numerous, or part of the exhaust component on an engine Manifold
61%
To manage or influence, usually in an unfair manner Manipulate
61%
An incantation or often repeated word or phrase Mantra
61%
A lord's land and estate, historically with feudal privileges, in England Manor
54%
Habitual behaviour or speech Mannerism
52%
Traditional male qualities such as strength, virility and bravery Manliness
43%
Regulated movement of troops, ships, tanks etc. Manoeuvre
37%
The dwelling of a minister or parson Manse
28%
A gauge used to measure the pressure of a fluid Manometer
22%
Another word for cassava Manioc
2%
No matching quizzes found
Score Distribution
Percent of People with Each Score
Percentile by Number Answered
Your Score History
You have not taken this quiz